000 00507nam a22002177a 4500
003 UA-OsUOA
001 54522
007 ta
008 20080623b un ||||| |||| 00| 0 ukr d
100 _aБулгак Д.
090 _a908
_bБ-12
942 _cSA
040 _aUA-OsUOA
_bukr
_cUA-OsUOA
_dUA-OsUOA
245 _aЯценюк відчув дух Академії
300 _aС.6
955 _a0
041 _aukr
080 _a908
773 0 _w54521
650 7 _a908 Краєзнавство
_2UDC
999 _c340490
_d340490